000 01047njm a22002777a 4500
005 20100914152621.0
007 sd ammalaaahaa
008 100913t xxu||||| |||| 00| 0 hin d
028 _aECLP 5912
_bEMI
035 _aGR-03533
040 _aSED/VEN
100 _aMangeskar, Lata
_91184
245 _aDo dilon ki dastaan /
_cby Asha Bhosle [and] Kishore Kumar
_h[sound recording] :
246 _aदो दिलों की दास्तान / आशा भोसले द्वारा
260 _aDum Dum India
_bEMI
_c1983
300 _a1 sound disc [Gramophone record] :
_banalog, 33 1/3 rpm
_c12.5 in. (LP)
_fGramophone Record
500 _aBrief Record
500 _aRecord label :EMI, Red
505 _aSide-1 Ham rahi mere Side 2 Do dilon ki dastaan
600 _aBhosle, Asha
_919992
650 _aHindi Film Song
_xExcerpts
_zIndia
_919603
700 _919604
_aKishore Kumar
700 _919605
942 _2ddc
_cGR
999 _c46738
_d46738